000
00298nam a22001337a 4500
003
SGT
082
_a
615
_b
PAT
100
_a
PATIL, AKANKSHA L.
245
_a
COMMUNITY PHARMACY AND MANAGEMENT
260
_a
INDIA
_b
S. VIKASH PUB.
_c
2022
300
_a
120
650
_a
PHARMACY
942
_2
ddc
_c
BK
999
_c
32503
_d
32503